=LDR 00000nam 2200000 4500 =001 INLIS000000000029503 =005 20130612131730 =008 ***********************************Ind** =035 ##$$0010-061300000029503 =041 ##$$a Ind =082 ##$$a 398.209 598 23 =090 ##$$a 398.209 598 23, SUM c =100 ##$$a Sumanto, Bakdi =245 ##$$a Cerita rakyat dari Yogyakarta, Bakdi Soemanto =260 ##$$a 1992 $b Jakarta =300 ##$$a 58 hlm., ilus., 21 cm =650 ##$$a Cerita Rakyat =850 ##$$a NBPNMAT